Normal view
MARC view
- حضارة-تاريخ-ثقافة-فكر وتفكير
Entry Topical Term
001 - CONTROL NUMBER
- control field: 39159
003 - CONTROL NUMBER IDENTIFIER
- control field: JO-AjAnu
005 - DATE AND TIME OF LATEST TRANSACTION
- control field: 20230606080520.0
008 - FIXED-LENGTH DATA ELEMENTS
- fixed length control field: 230606|| aca||aabn | a|a d
040 ## - CATALOGING SOURCE
- Original cataloging agency: JO-AjAnu
- Transcribing agency: JO-AjAnu
150 ## - HEADING--TOPICAL TERM
- Topical term or geographic name entry element: حضارة-تاريخ-ثقافة-فكر وتفكير
670 ## - SOURCE DATA FOUND
- Source citation: Work cat.: (JO-AjAnu)20082: العثمان، سهيل, author 39158, اسهام في الفكر الحضاري والنقدي